Normal view MARC view

Entry Personal Name

Number of records used in: 1

001 - CONTROL NUMBER

  • control field: 48746

003 - CONTROL NUMBER IDENTIFIER

  • control field: dpl

005 - DATE AND TIME OF LATEST TRANSACTION

  • control field: 20120608151043.0

008 - FIXED-LENGTH DATA ELEMENTS

  • fixed length control field: 120608|||a|||||| | ||| d

040 ## - CATALOGING SOURCE

  • Original cataloging agency: dpl
  • Transcribing agency: dpl

100 ## - HEADING--PERSONAL NAME

  • Personal name: बनर्जी, कमल

670 ## - SOURCE DATA FOUND

  • Source citation: Work cat.: (dpl)28003: बनर्जी, कमल , प्राकृतिक चिकित्सा एवं स्वास्थ्य /, 2005

670 ## - SOURCE DATA FOUND

  • Source citation: Work cat.: (dpl)28003: बनर्जी, कमल , प्राकृतिक चिकित्सा एवं स्वास्थ्य /, 2005

© Delhi Public Library
Hit Counter
free hit counter